| 000 | 01147nam a2200337 c 4500 | ||
|---|---|---|---|
| 001 | 14876 | ||
| 003 | ES-MaCES | ||
| 005 | 20141221122333.0 | ||
| 008 | 030422s2003 sp t 000 | spa d | ||
| 017 |
_aGR 150-2003 _bDL |
||
| 020 | _a8484446565 | ||
| 035 | _aCES20030004756m | ||
| 040 |
_aES-MaCES _bspa _cES-MaCES |
||
| 100 | 1 |
_aVilla Gil, Luis Enrique de la _925895 |
|
| 245 | 1 | 3 |
_aLa formación histórica del Derecho español del trabajo _cpor Luis Enrique de la Villa Gil |
| 260 |
_aGranada _bComares _c2003 |
||
| 300 |
_aXXII, 512 p. _c23 cm |
||
| 490 | 1 | _aBiblioteca Comares de ciencia jurídica | |
| 490 | 0 |
_aCrítica del derecho. Sección Derecho vivo _v42 |
|
| 541 | _cCompra | ||
| 650 | 4 |
_aderecho del trabajo _927165 |
|
| 650 | 4 |
_alegislación del trabajo _927166 |
|
| 650 | 4 |
_aEspaña _926964 |
|
| 650 | 4 |
_ahistoria _927251 |
|
| 653 | 1 | 0 | _aDerecho del trabajo y Seguridad Social |
| 830 | 0 |
_aBiblioteca Comares de ciencia jurídica _932174 |
|
| 830 | 0 |
_aCrítica del derecho _pSección Derecho vivo _v42 _933298 |
|
| 902 | _aLIB Libro | ||
| 942 |
_2CES _cBK _h6.0.1. |
||
| 999 |
_c14876 _d14876 |
||